LIBRARY & INFORMATION CENTRE, KCAET, TAVANUR

ONLINE PUBLIC ACCESS CATALOGUE (OPAC)

Oxford Book of Victorian Verse / (Record no. 5172)

MARC details
000 -LEADER
fixed length control field 00289cam a2200109ua 4500
082 ## - DEWEY DECIMAL CLASSIFICATION NUMBER
Classification number 821
Item number COU/OX
100 ## - MAIN ENTRY--AUTHOR NAME
Personal name Couch, Arthur Quiller .
245 ## - TITLE STATEMENT
Title Oxford Book of Victorian Verse /
260 ## - PUBLICATION, DISTRIBUTION, ETC. (IMPRINT)
Place of publication London :
Name of publisher Oxford at the Clarendon Press ,
Year of publication 1962.
300 ## - PHYSICAL DESCRIPTION
Number of Pages 1023 ; .
942 ## - ADDED ENTRY ELEMENTS (KOHA)
Koha item type Books
Holdings
Withdrawn status Lost status Damaged status Home library Current library Date acquired Full call number Accession Number Koha item type
Withdrawn     KAUAET Malayalam University 07/04/2012 821 5080 Books
free website counter